|
|
|
|
| LEADER |
00771nta a2200205 i 4500 |
| 001 |
dipl97290 |
| 005 |
20210113115740.0 |
| 008 |
210108s2008 hu om 0|| zxx d |
| 040 |
|
|
|a SZTE Diploma Repozitórium
|b hun
|
| 041 |
|
|
|a zxx
|
| 100 |
1 |
|
|a Német Zsolt
|
| 245 |
1 |
0 |
|a Olvasókörök a két világháború idején Hódmezővásárhelyen
|h [elektronikus dokumentum] /
|c Zsolt Német
|
| 246 |
1 |
0 |
|a Reader communes in Hodmezovasarhely between the world wars
|h [elektronikus dokumentum]
|
| 260 |
|
|
|c 2008
|
| 650 |
|
4 |
|a Pedagógusképzés
|
| 650 |
|
4 |
|a Social sciences
|
| 650 |
|
4 |
|a Media and communications
|
| 650 |
|
4 |
|a Library science
|
| 700 |
2 |
|
|a Barátné Hajdu Ágnes
|e ths
|
| 856 |
4 |
0 |
|u http://diploma.bibl.u-szeged.hu/id/eprint/97290/1/2008_nemeth_zsolt.pdf
|z Dokumentum-elérés
|